00853nam a22001577a 4500041000800000082001600008100001800024245003700042260004200079300000800121505040500129650002400534942000700558952011300565999001700678 aENG a261.7 bVIN aVinayaraj Y.T aPolitical Theology in Transition aDelhibChristian World Imprintsc2020 a109 aEmpire, multitude, and the church : political theology after Hardt and Negri Subalternity, marginality, and planetarity : Spivak and the postcolonial political theology Messianic politics and church : political theology of Giorgio Agamben Religion as the ethico-political practice of justice : political theology after Ambedkar Theology as political practice : political theology after Gilles Deleuze a Political theology cBK 00104070aHMIbHMIcGENd2025-10-08eDirectorg450.00l0o261.7 VINp11004540r2025-10-08w2025-10-08yBK c23621d23621